00329nam a2200121Ia 4500008004100000100003200041245006200073260002700135300000900162650001400171942000700185999001500192190216s9999||||xx |||||||||||||| ||und|| aMohandas N&Amp; Kamalasanan 0aEvolution Of The Indian Economy And Elemntary Statistics; bUniversity Pressc1994 a229p aEconomics cBK c9939d9939